[Event "Nationale I Jeune, Vandoeuvre"]
[Site "?"]
[Date "1998.??.??"]
[Round "?"]
[White "Marx, Nora"]
[Black "Gering, Adrien"]
[Result "1-0"]
[WhiteElo "2600"]
[BlackElo "2730"]
[PlyCount "53"]
[EventDate "1998.??.??"]
[Source "www.chesslib.no"]
[SourceDate "2004.05.04"]

1. e4 e5 2. Nf3 Nc6 3. Bc4 Bc5 4. c3 d6 5. d4 exd4 6. cxd4 Bb4+ 7. Bd2 Bxd2+ 8. Nbxd2 Bg4 9. h3 Bh5 10. Qb3 b6 11. Qb5 Qd7 12. Qxh5 Nb4 13. Rc1 a6 14. Ng5 g6 15. Qf3 f6 16. Nf7 b5 17. Nxh8 bxc4 18. Rxc4 Rb8 19. a3 Na2 20. b3 Qb5 21. Rxc7 Qa5 22. Rc2 Qxa3 23. O-O Nb4 24. Rc7 Qb2 25. Qg4 Ne7 26. Qd7+ Kf8 27. Qxe7+ 1-0

[Event "Nationale I Jeune, Vandoeuvre"]
[Site "?"]
[Date "1998.??.??"]
[Round "?"]
[White "Marx, Nora"]
[Black "Stenpfel, Tony"]
[Result "1-0"]
[WhiteElo "2600"]
[BlackElo "2690"]
[PlyCount "101"]
[EventDate "1998.??.??"]
[Source "www.chesslib.no"]
[SourceDate "2004.05.04"]

1. e4 e5 2. Nf3 Nc6 3. Bc4 Bc5 4. c3 d6 5. d4 Bb6 6. Ng5 Na5 7. Nxf7 Qd7 8. Nxh8 Nxc4 9. Qd3 Na5 10. Qf3 Nh6 11. h3 exd4 12. Qh5+ Kd8 13. Bg5+ Qe7 14. Bxe7+ Kxe7 15. Qg5+ Kd7 16. Qxg7+ Kc6 17. Qxh6 dxc3 18. Nxc3 Bd7 19. Qg5 Bc5 20. Qd5+ Kb6 21. Nf7 Bc6 22. Qd3 a6 23. O-O Ka7 24. Rab1 Bb6 25. b4 Rf8 26. bxa5 Bxa5 27. Qd4+ Bb6 28. Qg7 Rb8 29. Rfe1 Ka8 30. e5 d5 31. Qxh7 Ba5 32. Rec1 d4 33. Ne4 d3 34. Rxc6 bxc6 35. Rd1 c5 36. Nxc5 d2 37. Qh6 Rb6 38. Qh8+ Ka7 39. Ne4 Rb8 40. Qh7 Rb7 41. Nxd2 c6 42. Qg6 Rb6 43. Nd6 Bb4 44. Qf7+ Ka8 45. Qe8+ Ka7 46. Nc8+ Kb7 47. Nxb6 Kxb6 48. Qb8+ Ka5 49. Nc4+ Ka4 50. Qb6 a5 51. Qxc6# 1-0

[Event "CZE-chT 9899"]
[Site "CZE"]
[Date "1998.??.??"]
[Round "4"]
[White "Cicak, Slavko"]
[Black "Rogers, Ian"]
[Result "1/2-1/2"]
[WhiteElo "2460"]
[BlackElo "2570"]
[PlyCount "132"]
[EventDate "1998.??.??"]
[Source "www.chesslib.no"]
[SourceDate "2004.05.04"]

1. e4 Nc6 2. Nf3 e5 3. Bc4 Bc5 4. c3 Qe7 5. d4 Bb6 6. Ng5 Nh6 7. d5 Nd8 8. Qe2 d6 9. h3 O-O 10. g4 f6 11. Nf3 Nhf7 12. Na3 Nh8 13. Nh4 g6 14. Rg1 Nhf7 15. Nf5 Qe8 16. Ng3 Kh8 17. Bd2 a6 18. O-O-O Bc5 19. Nc2 b5 20. Bd3 Rb8 21. h4 Ba7 22. g5 fxg5 23. hxg5 Kg7 24. Nf5+ Bxf5 25. exf5 Nh8 26. f6+ Kg8 27. Rh1 Qf7 28. Be4 h5 29. gxh6 Kh7 30. Rdf1 Qxf6 31. Ne1 Ndf7 32. f4 exf4 33. Rxf4 Qe7 34. Nf3 Rbe8 35. Rh2 c6 36. Rg2 cxd5 37. Rxg6 Nxg6 38. Bxg6+ Kg8 39. Qxe7 Rxe7 40. Nh4 Rc7 41. Bc2 Rc4 42. h7+ Kg7 43. Nf5+ Kh8 44. Nxd6 Rxf4 45. Bxf4 Bc5 46. Nxf7+ Rxf7 47. Be5+ Rg7 48. Bd3 a5 49. Kd1 b4 50. cxb4 axb4 51. Bc2 Bb6 52. Ke2 b3 53. Bxb3 Kxh7 54. Bxg7 Kxg7 55. Bxd5 Kf6 56. Kd3 Ke5 57. Kc4 Kd6 58. b4 Be3 59. Bf3 Kc7 60. Kb5 Bd2 61. a3 Bc1 62. a4 Bd2 63. a5 Be1 64. Ka4 Bf2 65. b5 Be3 66. b6+ Bxb6 1/2-1/2

[Event "Lugano Open"]
[Site "Lugano SUI"]
[Date "1989.??.??"]
[Round "3"]
[White "Torre, Eugenio"]
[Black "Ekstroem, Roland"]
[Result "1/2-1/2"]
[WhiteElo "2565"]
[BlackElo "2450"]
[PlyCount "84"]
[EventDate "1989.03.??"]
[Source "www.chesslib.no"]
[SourceDate "2004.05.04"]

1. e4 e5 2. Nf3 Nc6 3. Bc4 Bc5 4. c3 Bb6 5. d4 Qe7 6. O-O d6 7. h3 Nf6 8. Re1 h6 9. b4 a6 10. a4 O-O 11. Ba3 Nd7 12. b5 Na5 13. Ba2 Qf6 14. Qd3 Re8 15. Nbd2 Nf8 16. Kh2 Ne6 17. Bxe6 Bxe6 18. Bb4 Red8 19. d5 Bd7 20. c4 Ra7 21. Rf1 c6 22. Qc3 axb5 23. axb5 Rda8 24. bxc6 bxc6 25. c5 dxc5 26. Bxc5 cxd5 27. Bxb6 Qxb6 28. Qxe5 dxe4 29. Nxe4 Nc6 30. Rxa7 Qxa7 31. Qg3 Kh8 32. Rc1 Qa3 33. Rc4 Qe7 34. Nc5 Be6 35. Nxe6 Qxe6 36. Rg4 Rg8 37. Qf4 Rd8 38. Qg3 Rg8 39. Rh4 Rf8 40. Qc7 Rc8 41. Qf4 Kg8 42. Rg4 Re8 1/2-1/2

[Event "Calcutta"]
[Site "Calcutta"]
[Date "1998.??.??"]
[Round "3"]
[White "Komliakov, Viktor"]
[Black "Sashikiran, Krishnan"]
[Result "1/2-1/2"]
[WhiteElo "2510"]
[BlackElo "2470"]
[PlyCount "61"]
[EventDate "1998.??.??"]
[Source "www.chesslib.no"]
[SourceDate "2004.05.04"]

1. e4 e5 2. Nf3 Nc6 3. Bc4 Bc5 4. c3 Bb6 5. d4 Qe7 6. O-O d6 7. Ng5 Nh6 8. d5 Nd8 9. Nf3 Ng4 10. Bd3 O-O 11. Nbd2 f5 12. exf5 Nh6 13. Nc4 Bxf5 14. Nxb6 axb6 15. Ng5 Rf6 16. Ne4 Bxe4 17. Bxe4 Ndf7 18. Qd3 g6 19. f3 Nf5 20. Bd2 Qd7 21. g4 Ne7 22. Kg2 g5 23. h4 gxh4 24. Bxh7+ Kg7 25. Rh1 Rh8 26. g5 Rg6 27. Bxg6 Nxg6 28. Kh2 Rf8 29. Raf1 Nf4 30. Bxf4 exf4 31. Qd4+ 1/2-1/2

[Event "Bohemians"]
[Site "Prague"]
[Date "1990.??.??"]
[Round "?"]
[White "Nun, Jiri"]
[Black "Rogers, Ian"]
[Result "1/2-1/2"]
[WhiteElo "2445"]
[BlackElo "2515"]
[PlyCount "38"]
[EventDate "1990.01.??"]
[Source "ChessBase"]

1. e4 Nc6 2. Nf3 e5 3. Bc4 Bc5 4. c3 Bb6 5. d4 Qe7 6. O-O d6 7. dxe5 dxe5 8. b4 Bg4 9. a4 a5 10. b5 Nd8 11. h3 Bh5 12. Nbd2 Nf6 13. Re1 Ne6 14. Bxe6 Qxe6 15. Qb3 Qxb3 16. Nxb3 Bxf3 17. gxf3 O-O-O 18. c4 Rd3 19. c5 Rxb3 1/2-1/2

[Event "2nd Agzamov Memorial"]
[Site "Tashkent UZB"]
[Date "2008.03.24"]
[Round "5"]
[White "Fedorov, Alex"]
[Black "Saidov, B."]
[Result "1/2-1/2"]
[WhiteElo "2607"]
[BlackElo "2329"]
[PlyCount "83"]
[EventDate "2008.03.19"]
[Source "www.chesslib.no"]
[SourceDate "2004.05.04"]

1. e4 e5 2. Nf3 Nc6 3. Bc4 Bc5 4. c3 Qf6 5. O-O d6 6. d3 Nge7 7. b4 Bb6 8. Be3 Be6 9. Nbd2 Bxe3 10. fxe3 Qh6 11. Qe1 O-O 12. a4 f5 13. exf5 Nxf5 14. e4 Nfe7 15. Qh4 Qe3+ 16. Qf2 Qxf2+ 17. Rxf2 Bxc4 18. Nxc4 Ng6 19. g3 h6 20. Nfd2 Nge7 21. Kf1 Rxf2+ 22. Kxf2 Kf7 23. Ke2 Ke6 24. Rf1 Re8 25. Ne3 Nd8 26. h4 Kd7 27. a5 Ne6 28. Ndc4 Rf8 29. Rb1 b5 30. axb6 axb6 31. Ra1 b5 32. Nd2 c6 33. Nf3 Nc7 34. h5 Ra8 35. Ra5 Rg8 36. Nh4 c5 37. bxc5 dxc5 38. Nf3 Nc6 39. Ra1 b4 40. Nc4 Ne6 41. cxb4 cxb4 42. Ke3 1/2-1/2

[Event "Turku Open"]
[Site "Turku"]
[Date "1988.??.??"]
[Round "?"]
[White "Gavrikov, Viktor N"]
[Black "Rantanen, Yrjo A"]
[Result "1-0"]
[WhiteElo "2545"]
[BlackElo "2375"]
[PlyCount "55"]
[EventDate "1988.??.??"]
[Source "www.chesslib.no"]
[SourceDate "2004.05.04"]

1. e4 e5 2. Nf3 Nc6 3. Bc4 Bc5 4. c3 Bb6 5. d3 d6 6. O-O h6 7. Nbd2 Qf6 8. b4 Nge7 9. a4 a5 10. b5 Nd8 11. Ba2 g5 12. Ne1 Ne6 13. Nc4 Bc5 14. Nc2 d5 15. exd5 Nxd5 16. Qe1 Ndf4 17. Nxe5 Bd6 18. d4 O-O 19. Ne3 h5 20. N3c4 h4 21. Bb1 Ng7 22. Bxf4 gxf4 23. Qe4 Qh6 24. Qf3 Ne6 25. Kh1 f6 26. Nxd6 fxe5 27. Nxc8 Raxc8 28. Ba2 1-0

[Event "Smartchess.com 2nd"]
[Site "New York"]
[Date "2001.10.15"]
[Round "9"]
[White "Shahade, Gregory P"]
[Black "Gonzales, Jayson"]
[Result "0-1"]
[WhiteElo "2455"]
[BlackElo "2432"]
[PlyCount "90"]
[EventDate "2001.10.07"]
[Source "ChessBase"]
[SourceDate "2001.02.01"]

1. e4 e5 2. Nf3 Nc6 3. Bc4 Bc5 4. c3 Qf6 5. d3 d6 6. Nbd2 h6 7. Bb3 g5 8. O-O Nge7 9. Ne1 g4 10. Nc4 Qg7 11. Be3 f5 12. Bxc5 dxc5 13. exf5 Bxf5 14. Ne3 Bd7 15. N1c2 O-O-O 16. Nd5 Ng6 17. Qe2 Nf4 18. Qe3 h5 19. Nxf4 exf4 20. Qxf4 h4 21. Rae1 Kb8 22. Qe3 Rhe8 23. Qxc5 Ne5 24. Kh1 h3 25. Bd5 Nxd3 26. Rxe8 Bxe8 27. Qe3 Bg6 28. Qg5 Rd6 29. Ne3 Nxb2 30. Qxg4 hxg2+ 31. Bxg2 Qxc3 32. Nd5 Qe5 33. Nf4 Be8 34. Qe2 Qxe2 35. Nxe2 Bb5 36. Bf3 Rd2 37. Rg1 a6 38. Nc3 Bc4 39. Ne4 Rc2 40. Nc5 Rxf2 41. Bxb7 Rf5 42. Rb1 Rxc5 43. Rxb2 Rb5 44. Rc2 Rb1+ 45. Kg2 Bf1+ 0-1

[Event "Trnava"]
[Site "Trnava"]
[Date "1983.??.??"]
[Round "?"]
[White "Yudasin, Leonid"]
[Black "Ruckschloss, Karol"]
[Result "1-0"]
[WhiteElo "2500"]
[BlackElo "2385"]
[PlyCount "66"]
[EventDate "1983.03.??"]
[Source "ChessBase"]

1. e4 e5 2. Nf3 Nc6 3. Bc4 Bc5 4. c3 Qf6 5. O-O d6 6. d3 h6 7. b4 Bb6 8. a4 a5 9. b5 Nd8 10. Be3 Bg4 11. Nbd2 Ne7 12. h3 Bxf3 13. Nxf3 Ne6 14. Qd2 Nc5 15. Nh2 g5 16. Rfe1 O-O-O 17. Qa2 h5 18. d4 Nd7 19. Bxf7 exd4 20. cxd4 Bxd4 21. Bxd4 Qxd4 22. Rad1 Qg7 23. Be6 Ng6 24. b6 Nge5 25. Qd5 Qe7 26. bxc7 Kxc7 27. Qxa5+ Kb8 28. Bf5 g4 29. Rd5 Nc5 30. Qd2 Rhg8 31. a5 gxh3 32. Bxh3 Kc7 33. f4 Nc4 1-0

[Event "Primorsko Open"]
[Site "Primorsko"]
[Date "1987.??.??"]
[Round "7"]
[White "Ermenkov, Evgenij P"]
[Black "Dobrovolsky, Ladislav"]
[Result "1-0"]
[WhiteElo "2445"]
[BlackElo "2425"]
[PlyCount "65"]
[EventDate "1987.??.??"]
[Source "www.chesslib.no"]
[SourceDate "2004.05.04"]

1. e4 e5 2. Bc4 Bc5 3. Nf3 Nc6 4. c3 Qf6 5. O-O d6 6. d3 Bg4 7. Be3 Bxf3 8. Qxf3 Qxf3 9. gxf3 Nge7 10. b4 Bb6 11. a4 Bxe3 12. fxe3 a5 13. b5 Nb8 14. f4 Nd7 15. Nd2 O-O 16. d4 Nb6 17. fxe5 dxe5 18. Bb3 h6 19. Rf2 Ng6 20. Raf1 Nh8 21. Nf3 Nd7 22. Bd5 Rab8 23. Nxe5 Nxe5 24. dxe5 g6 25. Rf6 Kg7 26. e6 fxe6 27. Rxe6 Rxf1+ 28. Kxf1 Kf8 29. e5 b6 30. Rc6 Rc8 31. c4 Ke7 32. Ke2 h5 33. h4 1-0

[Event "GMA-Open"]
[Site "Belgrade SCG"]
[Date "1988.??.??"]
[Round "?"]
[White "Makarichev, Sergey Y"]
[Black "Rantanen, Yrjo A"]
[Result "1/2-1/2"]
[WhiteElo "2500"]
[BlackElo "2370"]
[PlyCount "126"]
[EventDate "1988.12.??"]
[Source "www.chesslib.no"]
[SourceDate "2004.05.04"]

1. e4 e5 2. Nf3 Nc6 3. Bc4 Bc5 4. c3 Bb6 5. O-O d6 6. d3 Be6 7. Bb5 Nf6 8. Re1 O-O 9. h3 Ne7 10. d4 Ng6 11. Be3 c6 12. Bd3 Nh5 13. Nbd2 Nhf4 14. Bf1 f6 15. Kh2 Qd7 16. c4 d5 17. cxd5 cxd5 18. dxe5 Nxg2 19. Kxg2 d4 20. Nc4 Bxh3+ 21. Kh2 Bxf1 22. Rxf1 fxe5 23. Nxb6 axb6 24. Ng5 Rf6 25. Bd2 h6 26. Nh3 Raf8 27. Qh5 Qb5 28. Rg1 Qd3 29. Rxg6 Rxg6 30. Qxg6 Qxd2 31. Rg1 Rf7 32. Rg2 d3 33. Qd6 Qe2 34. f4 Qxe4 35. Qxe5 Qxe5 36. fxe5 Rf3 37. Rd2 Re3 38. Nf4 Rxe5 39. Rxd3 g5 40. Ng2 Kf8 41. b3 Re6 42. Rd7 b5 43. Rxb7 Ra6 44. Rxb5 Rxa2 45. Kg3 Rb2 46. Ne3 h5 47. Nc4 Rc2 48. Ne3 Rc3 49. Kf2 h4 50. Rb7 Ke8 51. b4 Rb3 52. Nd5 Rd3 53. Nf6+ Kd8 54. b5 Rb3 55. b6 Kc8 56. Rc7+ Kd8 57. Rb7 Kc8 58. Rc7+ Kd8 59. Rc6 h3 60. Ng4 Kd7 61. Ne5+ Kd8 62. Nf7+ Ke7 63. Rc7+ Kf6 1/2-1/2

[Event "Namestovo"]
[Site "Namestovo"]
[Date "1987.??.??"]
[Round "15"]
[White "Nun, Jiri"]
[Black "Rantanen, Yrjo A"]
[Result "1-0"]
[WhiteElo "2460"]
[BlackElo "2410"]
[PlyCount "121"]
[EventDate "1987.09.??"]
[Source "www.chesslib.no"]
[SourceDate "2004.05.04"]

1. e4 e5 2. Nf3 Nc6 3. Bc4 Bc5 4. c3 Bb6 5. O-O d6 6. h3 Qf6 7. d3 h6 8. Be3 Nge7 9. Nbd2 O-O 10. Nh2 Be6 11. Qh5 d5 12. exd5 Bxd5 13. Ng4 Qe6 14. Bxb6 axb6 15. Rfe1 f5 16. Ne3 Bxc4 17. Nexc4 Qd5 18. Qf3 Rfd8 19. Qxd5+ Rxd5 20. Nf3 Ng6 21. Ne3 Rxd3 22. Nxf5 Rf8 23. Ng3 Nf4 24. Nxe5 Nxe5 25. Rxe5 Rd2 26. Re7 Rxb2 27. Rd1 Ng6 28. Re6 Kh7 29. Ne4 Rxa2 30. Rd7 Rc8 31. Nf6+ Kh8 32. Re8+ Rxe8 33. Nxe8 Re2 34. Nxc7 Re7 35. Rxe7 Nxe7 36. Kf1 Kg8 37. Ke2 Kf7 38. Kd3 Nc8 39. Kd4 Ke7 40. Ke5 Kd7 41. Ne6 Nd6 42. Nxg7 Nb5 43. c4 Na3 44. Kd5 b5 45. cxb5 Nxb5 46. Nf5 Nc7+ 47. Ke4 b5 48. Nxh6 b4 49. Ng4 b3 50. Kd3 Nd5 51. Ne3 Nb4+ 52. Kc3 b2 53. Kxb2 Nd3+ 54. Kc3 Nxf2 55. Kd4 Ke6 56. Nd5 Nh1 57. Nf4+ Kf6 58. Ke3 Ng3 59. Kf3 Nf1 60. Nh5+ Kg5 61. Ke2 1-0

[Event "Homenaje a la Bandera, Rosario ARG"]
[Site "?"]
[Date "2001.??.??"]
[Round "6"]
[White "Giaccio, A."]
[Black "Monier, R."]
[Result "1/2-1/2"]
[WhiteElo "2450"]
[BlackElo "2410"]
[PlyCount "50"]
[EventDate "2001.??.??"]
[Source "www.chesslib.no"]
[SourceDate "2004.05.04"]

1. e4 e5 2. Bc4 Bc5 3. Nf3 Nc6 4. c3 Bb6 5. O-O d6 6. Bb3 Nf6 7. d3 O-O 8. Nbd2 Be6 9. Ba4 Ne7 10. Re1 c6 11. Nf1 Ng6 12. Ng3 h6 13. h3 Re8 14. d4 Bc7 15. Be3 d5 16. Nxe5 Nxe5 17. dxe5 Nxe4 18. Nxe4 dxe4 19. Bc2 Bd5 20. Bd4 Bxe5 21. Bxe5 Rxe5 22. Qd4 Qg5 23. Bxe4 Bxe4 24. Rxe4 Rxe4 25. Qxe4 Qd2 1/2-1/2

[Event "Goodricke 10th op"]
[Site "Calcutta"]
[Date "1999.02.08"]
[Round "3"]
[White "Sriram, Jha"]
[Black "Sasikiran, Krishnan"]
[Result "0-1"]
[WhiteElo "2325"]
[BlackElo "2525"]
[PlyCount "88"]
[EventDate "1999.02.06"]
[Source "ChessBase"]
[SourceDate "1999.05.10"]

1. e4 e5 2. Nf3 Nc6 3. Bc4 Bc5 4. c3 Bb6 5. d4 Qe7 6. Bg5 Nf6 7. d5 Nd8 8. a4 a6 9. d6 cxd6 10. a5 Bxf2+ 11. Kf1 Ba7 12. Nh4 d5 13. exd5 d6 14. Qf3 Qc7 15. Nd2 Ng8 16. Bb3 f6 17. Be3 Bxe3 18. Qxe3 Bd7 19. Ke1 Ne7 20. c4 Nf7 21. Rf1 f5 22. Ba4 O-O 23. Bxd7 Qxd7 24. Nhf3 Ng6 25. Kf2 Nh6 26. Kg1 Ng4 27. Qb6 Qe7 28. h3 Nf6 29. Rac1 Nd7 30. Qxb7 Rab8 31. Qa7 Rxb2 32. Qxa6 Nc5 33. Qc6 Qd8 34. Rb1 Ne7 35. Qxc5 dxc5 36. Rxb2 Qxa5 37. Rb5 Qc3 38. Rb3 Qc2 39. Rf2 e4 40. Ne1 Qc1 41. Rb1 Qc3 42. Rb3 Qe5 43. Re2 Nc8 44. Ndf3 Qf6 0-1

[Event "BUL Ch playoff"]
[Site "Sofia BUL"]
[Date "1984.??.??"]
[Round "2"]
[White "Donchev, Dimitar I"]
[Black "Danailov, Silvio"]
[Result "1/2-1/2"]
[WhiteElo "2490"]
[BlackElo "2345"]
[PlyCount "30"]
[EventDate "1984.09.23"]
[Source "www.chesslib.no"]
[SourceDate "2004.05.04"]

1. e4 e5 2. Nf3 Nc6 3. Bc4 Bc5 4. c3 Qf6 5. d3 d6 6. Be3 Bb6 7. Nbd2 Nge7 8. O-O O-O 9. d4 h6 10. Qa4 Bd7 11. d5 Nb8 12. Bb5 Bxb5 13. Qxb5 c6 14. Qb3 Nd7 15. Nc4 Bxe3 1/2-1/2

[Event "Dubai Asian Cities"]
[Site "Dubai"]
[Date "1992.??.??"]
[Round "2"]
[White "Barua, Dibyendu"]
[Black "Mirza, Shahzad"]
[Result "1/2-1/2"]
[WhiteElo "2550"]
[BlackElo "2250"]
[PlyCount "119"]
[EventDate "1992.??.??"]
[Source "ChessBase"]

1. e4 e5 2. Nf3 Nc6 3. Bc4 Bc5 4. c3 d6 5. h3 Nf6 6. Qe2 O-O 7. d3 h6 8. a4 a6 9. O-O Re8 10. Be3 Bxe3 11. fxe3 Be6 12. Nbd2 Bxc4 13. dxc4 Nh7 14. Qf2 Qf6 15. Qg3 Qg6 16. Qh2 Ne7 17. Rae1 Nf6 18. Nh4 Qh7 19. Nf5 Nxe4 20. Nxe4 Nxf5 21. Nd2 Ne7 22. e4 Rf8 23. Qg3 Qg6 24. Qd3 Qe6 25. Re2 Ng6 26. Ref2 Nf4 27. Qe3 a5 28. Kh2 Ra6 29. b3 Raa8 30. Rf3 f6 31. c5 d5 32. exd5 Qxd5 33. Rg3 Kh7 34. Nc4 Ne6 35. Qe2 Nxc5 36. Ne3 Qe4 37. Qc4 Qc6 38. Nf5 g6 39. Qe2 Qe4 40. Qb5 gxf5 41. Qxc5 Rf7 42. Re3 Qc2 43. Qc4 Rd7 44. Qe6 Rg7 45. Qxf5+ Qxf5 46. Rxf5 Kg6 47. Ref3 Ra6 48. g4 Rd7 49. Kg3 Rd1 50. c4 Rb6 51. Rc3 Rbd6 52. Rcf3 b6 53. Re3 R6d3 54. Ref3 Rxf3+ 55. Rxf3 Rd2 56. Rc3 c5 57. Rf3 e4 58. Re3 Rd3 59. Kf4 Rxe3 60. Kxe3 1/2-1/2

[Event "AUT-chT2O 0102"]
[Site "?"]
[Date "2001.??.??"]
[Round "1"]
[White "Lanc Alois"]
[Black "Plachetka Jan"]
[Result "1/2-1/2"]
[WhiteElo "2380"]
[BlackElo "2416"]
[PlyCount "28"]
[EventDate "2001.??.??"]
[Source "www.chesslib.no"]
[SourceDate "2004.05.04"]

1. e4 e5 2. Nf3 Nc6 3. Bc4 Bc5 4. c3 d6 5. b4 Bb6 6. d3 Nf6 7. Bb3 h6 8. Nbd2 a6 9. O-O O-O 10. Re1 Be6 11. Nc4 Ba7 12. h3 b5 13. Ne3 Bxb3 14. axb3 Bb6 1/2-1/2

[Event "Helsinki"]
[Site "Helsinki FIN"]
[Date "1991.??.??"]
[Round "?"]
[White "Pyhala, Antti"]
[Black "Rantanen, Yrjo A"]
[Result "1/2-1/2"]
[WhiteElo "2380"]
[BlackElo "2415"]
[PlyCount "87"]
[EventDate "1991.03.??"]
[Source "www.chesslib.no"]
[SourceDate "2004.05.04"]

1. e4 e5 2. Nf3 Nc6 3. Bc4 Bc5 4. c3 Bb6 5. d4 Qe7 6. O-O d6 7. h3 Nf6 8. Re1 O-O 9. Bb3 Bd7 10. Na3 exd4 11. cxd4 Na5 12. Bc2 d5 13. exd5 Qd6 14. Re2 Nxd5 15. Bd2 Nb4 16. Bxh7+ Kxh7 17. Ng5+ Kg8 18. Bxb4 Qg6 19. Nf3 Nc6 20. Bxf8 Rxf8 21. Nc4 Ne5 22. Nfxe5 Qf5 23. g4 Qe6 24. d5 Qe7 25. Nxb6 axb6 26. Qd4 Rd8 27. Nd3 Qd6 28. Rd1 Bb5 29. Nf4 Ra8 30. Nh5 f6 31. Ree1 Rxa2 32. g5 Ra4 33. Qd2 Rh4 34. Ng3 Rxh3 35. Kg2 Rh4 36. Re6 Qb4 37. Qe3 Qg4 38. Re8+ Kh7 39. Qe4+ Qxe4+ 40. Rxe4 Rxe4 41. Nxe4 Bc4 42. d6 cxd6 43. gxf6 gxf6 44. Nxd6 1/2-1/2

[Event "Novi Sad ol (Men)"]
[Site "Novi Sad YUG"]
[Date "1990.??.??"]
[Round "8"]
[White "Manca, Federico"]
[Black "Rantanen, Yrjo A"]
[Result "1-0"]
[WhiteElo "2360"]
[BlackElo "2420"]
[PlyCount "70"]
[EventDate "1990.11.??"]
[Source "www.chesslib.no"]
[SourceDate "2004.05.04"]

1. e4 e5 2. Nf3 Nc6 3. Bc4 Bc5 4. c3 Bb6 5. O-O d6 6. a4 a6 7. d3 h6 8. Nbd2 Qf6 9. Bb3 Nge7 10. Nc4 Ba7 11. Ne1 g5 12. Be3 Nd8 13. d4 Ne6 14. dxe5 dxe5 15. Bxa7 Rxa7 16. Nd3 Ng6 17. Ne3 Nef4 18. Nxf4 gxf4 19. Nd5 Qd8 20. a5 Be6 21. Qh5 Kf8 22. Rad1 Kg7 23. Ne3 Qf6 24. Bxe6 fxe3 25. Bc4 b5 26. fxe3 Nf4 27. Qg4+ Qg6 28. Qxg6+ Kxg6 29. Ba2 Ne6 30. Rd7 Rh7 31. Bd5 h5 32. h4 Rg7 33. Rf5 Kh6 34. Rf6+ Rg6 35. Rfxf7 Ng7 1-0

[Event "Jyvaskyla"]
[Site "Jyvaskyla FIN"]
[Date "1987.??.??"]
[Round "?"]
[White "Pyhala, Antti"]
[Black "Rantanen, Yrjo A"]
[Result "1-0"]
[WhiteElo "2385"]
[BlackElo "2385"]
[PlyCount "59"]
[EventDate "1987.??.??"]
[Source "www.chesslib.no"]
[SourceDate "2004.05.04"]

1. e4 e5 2. Nf3 Nc6 3. Bc4 Bc5 4. c3 Bb6 5. d4 Qe7 6. O-O d6 7. h3 h6 8. a4 a6 9. b4 Qf6 10. a5 Ba7 11. b5 axb5 12. Bxb5 exd4 13. cxd4 Nge7 14. Nc3 O-O 15. Be3 Qg6 16. Kh2 f5 17. exf5 Nxf5 18. a6 Kh8 19. Qb1 Qf7 20. Ra4 Nce7 21. Bc4 d5 22. axb7 Bxb7 23. Qxb7 Nd6 24. Bxd5 Nxb7 25. Bxf7 Rxf7 26. Rfa1 Nc8 27. Ne5 Rf6 28. Nd5 Nb6 29. Nxf6 Nxa4 30. Ng6# 1-0

[Event "Ch team"]
[Site "NED"]
[Date "1975.??.??"]
[Round "?"]
[White "Euwe, Max"]
[Black "Verholt, Gerard"]
[Result "1-0"]
[WhiteElo "2670"]
[BlackElo "2100"]
[PlyCount "95"]
[EventDate "1975.??.??"]
[Source "www.chesslib.no"]
[SourceDate "2004.05.04"]

1. e4 e5 2. Nf3 Nc6 3. Bc4 Bc5 4. c3 d6 5. d4 exd4 6. cxd4 Bb4+ 7. Nc3 Nf6 8. O-O O-O 9. Bg5 h6 10. Bh4 Bg4 11. Qd3 Bxf3 12. gxf3 Bxc3 13. bxc3 Na5 14. Bb5 g5 15. Bg3 Nh5 16. Rae1 a6 17. Ba4 Qf6 18. e5 Qg6 19. Qxg6+ fxg6 20. exd6 cxd6 21. Re6 Rxf3 22. Rxg6+ Kf7 23. Rxd6 Nxg3 24. fxg3 Rxf1+ 25. Kxf1 Rc8 26. Bc2 Rxc3 27. Be4 Re3 28. Bd5+ Ke7 29. Rxh6 Rd3 30. Rg6 Rxd4 31. Rxg5 Nc4 32. Bxc4 Rxc4 33. Rf5 b5 34. h4 Rc2 35. Rf2 Rc1+ 36. Kg2 a5 37. h5 b4 38. g4 Rc6 39. Kg3 a4 40. g5 b3 41. axb3 axb3 42. h6 Rc3+ 43. Kg4 Rc4+ 44. Kh5 Rc2 45. Rf3 b2 46. Rb3 Kf7 47. Rb7+ Kf8 48. h7 1-0

[Event "RUS-Cup01 Chigorin mem"]
[Site "St Petersburg"]
[Date "1997.11.03"]
[Round "3"]
[White "Macieja, Bartlomiej"]
[Black "Chehlov, Aleksander"]
[Result "1/2-1/2"]
[WhiteElo "2470"]
[BlackElo "2285"]
[PlyCount "71"]
[EventDate "1997.11.01"]
[Source "www.chesslib.no"]
[SourceDate "2004.05.04"]

1. e4 e5 2. Nf3 Nc6 3. Bc4 Bc5 4. c3 Bb6 5. d4 Qe7 6. O-O Nf6 7. Re1 d6 8. h3 O-O 9. a4 a6 10. Bg5 h6 11. Bh4 Kh8 12. Nbd2 Rg8 13. Nf1 g5 14. Bg3 g4 15. hxg4 Nxg4 16. Qd2 Qf6 17. Rad1 Kh7 18. b4 Qg7 19. Qa2 Nd8 20. a5 Ba7 21. Ne3 Nxe3 22. Rxe3 Bg4 23. Qd2 Ne6 24. Bxe6 Bxe6 25. Nh4 f6 26. Kh2 Qg5 27. Rh1 Rg7 28. Kg1 Rh8 29. Nf3 Qg6 30. Nh4 Qg5 31. Qd3 c5 32. bxc5 dxc5 33. Nf3 Qg6 34. Nh4 Qg5 35. Nf3 Qg6 36. Nh4 1/2-1/2

[Event "Stary Smokovec"]
[Site "Stary Smokovec"]
[Date "1976.??.??"]
[Round "13"]
[White "Novak, Ivan"]
[Black "Augustin, Josef"]
[Result "1/2-1/2"]
[WhiteElo "2345"]
[BlackElo "2405"]
[PlyCount "35"]
[EventDate "1976.12.??"]
[Source "ChessBase"]

1. e4 e5 2. Bc4 Nc6 3. Nf3 Bc5 4. c3 Qe7 5. d4 Bb6 6. O-O d6 7. dxe5 Nxe5 8. Nxe5 dxe5 9. a4 a5 10. Nd2 Nf6 11. Bb5+ c6 12. Be2 Bc5 13. Qc2 O-O 14. Nc4 Qc7 15. Bg5 Nd7 16. Kh1 Re8 17. Rad1 Nf8 18. Be3 1/2-1/2

[Event "AUS Ch"]
[Site "?"]
[Date "1987.01.04"]
[Round "7.8"]
[White "Kopp Bernhard"]
[Black "Djuric Stefan"]
[Result "0-1"]
[WhiteElo "2290"]
[BlackElo "2450"]
[PlyCount "36"]
[EventDate "1987.??.??"]
[Source "www.chesslib.no"]
[SourceDate "2004.05.04"]

1. e4 e5 2. Nf3 Nc6 3. Bc4 Bc5 4. c3 Bb6 5. d4 Qe7 6. O-O d6 7. a4 a6 8. Qd3 Nf6 9. d5 Nb8 10. a5 Ba7 11. Na3 O-O 12. b4 Nh5 13. Be3 f5 14. exf5 e4 15. Qd1 exf3 16. Bxa7 Rxa7 17. g4 Bxf5 18. Qxf3 Bg6 0-1

[Event "06.OIBayEM Bad Wiessee op"]
[Site "?"]
[Date "2002.10.27"]
[Round "2"]
[White "Jaracz Pawel"]
[Black "Dergileva Larisa"]
[Result "1-0"]
[WhiteElo "2545"]
[BlackElo "2191"]
[PlyCount "99"]
[EventDate "2002.??.??"]
[Source "www.chesslib.no"]
[SourceDate "2004.05.04"]

1. e4 e5 2. Nf3 Nc6 3. Bc4 Bc5 4. c3 d6 5. h3 Nf6 6. d3 a6 7. Bb3 Ba7 8. Nbd2 O-O 9. Nf1 d5 10. Qe2 h6 11. g4 dxe4 12. dxe4 Nh7 13. Ng3 Be6 14. Be3 Bxb3 15. axb3 Bxe3 16. Qxe3 Qf6 17. Nf5 Qe6 18. b4 Rad8 19. Rg1 Rd7 20. Rg3 Rfd8 21. Qe2 Kh8 22. g5 h5 23. g6 fxg6 24. N5h4 Ne7 25. b5 axb5 26. Qxb5 c6 27. Qxe5 Qb3 28. Kf1 Qxb2 29. Re1 Rf8 30. Qe6 Rc7 31. Qd6 Qb6 32. Rxg6 Rxf3 33. Nxf3 Nxg6 34. Qxg6 Qb5+ 35. Kg2 Rc8 36. Rd1 c5 37. Qxh5 Qe8 38. Qh4 Kg8 39. Rd6 Nf6 40. e5 Nh7 41. Qc4+ Kh8 42. Qe6 Nf8 43. Qxe8 Rxe8 44. Ng5 g6 45. f4 Re7 46. Kf3 Kg7 47. Ke4 b5 48. Rb6 b4 49. cxb4 Nd7 50. Re6 1-0

[Event "Ch Uzbekistan"]
[Site "Tashkent (Uzbekistan)"]
[Date "2007.05.18"]
[Round "8"]
[White "Kayumov Sergey (UZB)"]
[Black "Saidov Beqali (UZB)"]
[Result "0-1"]
[WhiteElo "2425"]
[BlackElo "2297"]
[PlyCount "74"]
[EventDate "2007.??.??"]
[Source "www.chesslib.no"]
[SourceDate "2004.05.04"]

1. e4 e5 2. Nf3 Nc6 3. Bc4 Bc5 4. c3 Qf6 5. d3 d6 6. Be3 Nge7 7. b4 Bb6 8. a4 a5 9. b5 Nd8 10. Nbd2 h6 11. h3 Ng6 12. g3 Ne6 13. Bxb6 cxb6 14. Nf1 Ng5 15. Ng1 Be6 16. Ne3 Rc8 17. Qe2 Bxc4 18. Nxc4 d5 19. exd5 e4 20. d4 O-O 21. Rc1 Ne7 22. Ne3 Rfe8 23. Kf1 Nf5 24. Kg2 Nxd4 25. Qd1 Nf5 26. h4 Nh7 27. c4 Nxe3+ 28. fxe3 Qb2+ 29. Ne2 Nf6 30. Rc2 Qb3 31. Rc3 Qa2 32. Rf1 Ng4 33. Kh3 h5 34. d6 Rcd8 35. Rc2 Qb3 36. Qd5 Rd7 37. Nd4 Qd3 0-1